|
|
|
|
| LEADER |
00000nam a2200000 a 4500 |
| 001 |
vtls010614322 |
| 003 |
SK-MaSNL |
| 005 |
20260301215206.0 |
| 008 |
160429s2012 ru abo f 000 0 rus |
| 020 |
|
|
|a 9785020375635 (viaz.)
|
| 040 |
|
|
|a SNK
|b slo
|c SNK
|e AACR2
|
| 041 |
0 |
|
|a rus
|
| 044 |
|
|
|a ru
|c RU
|
| 072 |
|
7 |
|a 316.3
|x Globálne spoločnosti. Sociálna štruktúra. Sociálne skupiny
|2 konspekt
|
| 080 |
|
|
|a 94(=19)
|2 2001
|
| 080 |
|
|
|a 39
|2 2001
|
| 080 |
|
|
|a 94(479.25)
|2 2001
|
| 080 |
|
|
|a (048.8:082)
|2 2001
|
| 245 |
0 |
0 |
|a Armjane
|c otvetstvennyje redaktory: L. M. Vardanjan, G. G. Sarkisjan, A. Je Ter-Sarkisjanc
|
| 260 |
|
|
|a Moskva
|b Nauka
|c 2012
|
| 300 |
|
|
|a 647 s.,[40] s. obr. príl.
|b fotogr., ilustr., mp., tab.
|c 25 cm
|
| 650 |
0 |
7 |
|a Arméni
|2 SNKPH
|9 90120
|
| 650 |
0 |
7 |
|a etnografia
|2 SNKPH
|9 950
|
| 650 |
0 |
7 |
|a Armenians
|2 SNKPHeng
|9 333051
|
| 650 |
0 |
7 |
|a Ethnography
|2 SNKPHeng
|9 265262
|
| 651 |
|
7 |
|a Arménsko
|2 SNKPH
|9 83352
|
| 651 |
|
7 |
|a Armenia
|2 SNKPHeng
|9 336989
|
| 655 |
|
7 |
|a kolektívne monografie
|2 SNKPH
|9 249850
|
| 655 |
|
7 |
|a Collective monographs
|2 SNKPHeng
|9 125747
|
| 700 |
1 |
|
|a Vardanjan, Lilija Martynovna
|4 lso
|9 604675
|
| 700 |
1 |
|
|a Sarkisjan, Gamlet Grišajevič
|4 lso
|9 604676
|
| 700 |
1 |
|
|a TerSarkisjanc, Alla Jervandovna
|4 lso
|9 604677
|
| 919 |
|
|
|a 978-5-02-037563-5
|
| 999 |
|
|
|c 927205
|d 929135
|
| 952 |
|
|
|a SNK
|b SNK
|y VYP
|7 0
|p 17A1121175
|o snkIC 141422
|i snk2014/18894
|8 2
|g 26.20
|0 0
|1 0
|4 0
|d 2014-08-14
|l 0
|r 2026-02-24 08:37:14
|w 2026-02-24
|